000 006170000a22001690004500
090 _aAR
_b03787
245 1 0 _aDescomposición de hojarasca en dos bosques altoandinos
_sun bosque nativo de Weinmania tomentosa y Drymis granadensis y un bosque de Euclyptus globulus
650 1 4 _aProducción primaria
_993789
650 1 4 _aDescomposición foliar
_997581
650 1 4 _aCiclo de nutrientes
_97536
650 1 4 _aEspecies introducidas
_996386
651 4 _mBogotá
_dCundinamarca
_pColombia
_992749
041 0 _aEspañol
100 1 _aArenas Salazar, Hernando
_922422
942 _cARTICULO
773 1 _tPreprint
_q1-20
_d1988
999 _c12823
_d12823